Architektonický betón

Guardado en:
Detalles Bibliográficos
Autor principal: Marko, Ladislav (Autor)
Formato: Libro
Lenguaje:eslovaco
Publicado: Bratislava : Alfa, 1989
Edición:1. vyd.
Materias:
Etiquetas: Agregar Etiqueta
Sin Etiquetas, Sea el primero en etiquetar este registro!

MARC

LEADER 00000nam a22000003a 4500
001 stu10941
005 20150617225804.9
008 950130s1989----cs------------------slo-d
020 |a 80-05-00137-1 
040 |a STU  |b slo 
041 0 |a slo 
044 |a cs 
100 1 |a Marko, Ladislav  |4 aut 
245 1 |a Architektonický betón 
250 |a 1. vyd. 
260 |a Bratislava :  |b Alfa,  |c 1989 
300 |a 301 s 
650 7 |a betón  |2 stusub 
650 7 |a stavebné materiály  |2 stusub 
996 |b 284AU01544  |c A*0965 U  |l AAKNAR  |s A  |a 24  |w stu10941_0002